[Event "The Mortar & Pestle Chess Congress"]
[Site "SchemingMind.com"]
[Date "2008.10.12"]
[Round "-"]
[White "wzeller"]
[Black "rougon"]
[Result "1-0"]
[WhiteCountry "USA"]
[BlackCountry "USA"]
[WhiteElo "1885"]
[WhiteRD "93"]
[BlackElo "1725"]
[BlackRD "75"]
[GameID "174748"]

1. c4 e6 2. d4 d5 3. Nc3 c5 4. cxd5 exd5 5. Nf3 Nc6 6. g3 Nf6 7. Bg2 Be7 8. O-O O-O 9. Bg5 c4 10. Ne5 Be6
11. f4 Nd7 12. Bxe7 Qxe7 13. Nxd5 Bxd5 14. Bxd5 Ncxe5 15. dxe5 Nb6 16. e4 Nxd5 17. exd5 Qc5+ 18. Kg2 Rad8 19. d6 f6 20. Qg4 fxe5
21. Qe6+ Kh8 22. Rad1 Qc6+ 23. Qd5 exf4 24. Qxc6 bxc6 25. Rxf4 Rxf4 26. gxf4 Kg8 27. Kf3 Kf7 28. Ke4 Ke6 29. f5+ Kf6 30. h4 g6
31. fxg6 hxg6 32. a3 Rd7 33. Kf4 a5 34. a4 Ke6 35. Kg5 Kf7 36. Rf1+ Ke6 37. Rf6+
1-0

[Event "The Mortar & Pestle Chess Congress"]
[Site "SchemingMind.com"]
[Date "2008.10.12"]
[Round "-"]
[White "wzeller"]
[Black "Rekursiv"]
[Result "0-1"]
[WhiteCountry "USA"]
[BlackCountry "USA"]
[WhiteElo "1860"]
[WhiteRD "93"]
[BlackElo "2130"]
[BlackRD "93"]
[GameID "174749"]

1. d4 d5 2. c4 e6 3. Nc3 Nf6 4. Nf3 c5 5. cxd5 exd5 6. Bg5 Be7 7. e3 O-O 8. dxc5 Bxc5 9. Bxf6 Qxf6 10. Qxd5 Bb4
11. Qe5 Qg6 12. Bb5 a6 13. Be2 Nc6 14. Qg5 Qc2 15. Nd2 Qxb2
0-1

[Event "The Mortar & Pestle Chess Congress"]
[Site "SchemingMind.com"]
[Date "2008.10.13"]
[Round "-"]
[White "wzeller"]
[Black "drunkenmaster"]
[Result "0-1"]
[WhiteCountry "USA"]
[BlackCountry "PHI"]
[WhiteElo "1885"]
[WhiteRD "93"]
[BlackElo "1991"]
[BlackRD "72"]
[GameID "174752"]

1. Nf3 d6 2. d4 Nf6 3. c4 Bg4 4. Nc3 Bxf3 5. exf3 c6 6. Bd3 e6 7. O-O Be7 8. Re1 O-O 9. Qc2 d5 10. Be3 dxc4
11. Bxc4 Nbd7 12. Rad1 Nb6 13. Bb3 Qc7 14. Ne4 Rad8 15. Nxf6+ Bxf6 16. Qe4 Nd5 17. g4 g6 18. Bh6 Bg7 19. Bxg7 Kxg7 20. h4 h6
21. h5 g5 22. Bc2 Nf6 23. Qd3 Rd7 24. Re5 Rfd8 25. Qe3 Kf8 26. Rxg5 hxg5 27. Qxg5 Ke7 28. h6 Rg8 29. Qh4 Qf4 30. h7 Rh8
31. Kg2 Rxd4
0-1

[Event "The Mortar & Pestle Chess Congress"]
[Site "SchemingMind.com"]
[Date "2008.10.12"]
[Round "-"]
[White "wzeller"]
[Black "smothered mate"]
[Result "0-1"]
[WhiteCountry "USA"]
[BlackCountry "POL"]
[WhiteElo "1888"]
[WhiteRD "93"]
[BlackElo "1921"]
[BlackRD "50"]
[GameID "174753"]

1. e4 c5 2. Nf3 d6 3. d4 cxd4 4. Nxd4 Nf6 5. Nc3 g6 6. Be3 Bg7 7. f3 O-O 8. Qd2 Nc6 9. O-O-O Bd7 10. Bc4 Rc8
11. Nxc6 bxc6 12. g4 Qa5 13. h4 h5 14. gxh5 Nxh5 15. Rhg1 Kh7 16. Rg5 Qb4 17. Bb3 Bf6 18. Rxh5+ gxh5 19. Qh2 Bxc3 20. bxc3 Qxc3
21. Qf4 Qa1+ 22. Kd2 Qf6 23. Qh2 c5
0-1

[Event "The Mortar & Pestle Chess Congress"]
[Site "SchemingMind.com"]
[Date "2008.10.12"]
[Round "-"]
[White "wzeller"]
[Black "dlamadzi"]
[Result "1-0"]
[WhiteCountry "USA"]
[BlackCountry "POL"]
[WhiteElo "1888"]
[WhiteRD "93"]
[BlackElo "1892"]
[BlackRD "77"]
[GameID "174755"]

1. e4 c5 2. Nf3 Nf6 3. e5 Nd5 4. Nc3 Nxc3 5. dxc3 Nc6 6. Bc4 Qc7 7. Bf4 e6 8. O-O h6 9. Re1 b6 10. Qd3 Bb7
11. Rad1 O-O-O 12. Ba6 g5 13. Bxb7+ Kxb7 14. Bg3 Bg7 15. Qd6 Qxd6 16. Rxd6 Kc7 17. Rd3 Ne7 18. h3 Nf5 19. Bh2 Kc6 20. Nd2 f6
21. Rd1 fxe5 22. Nc4 e4 23. R3d2 d5 24. Ne5+ Bxe5 25. Bxe5 Rhf8 26. a4 Rf7 27. b4
1-0

[Event "The Mortar & Pestle Chess Congress"]
[Site "SchemingMind.com"]
[Date "2008.10.12"]
[Round "-"]
[White "rougon"]
[Black "wzeller"]
[Result "0-1"]
[WhiteCountry "USA"]
[BlackCountry "USA"]
[WhiteElo "1757"]
[WhiteRD "68"]
[BlackElo "1860"]
[BlackRD "93"]
[GameID "174757"]

1. e4 c5 2. Nf3 Nc6 3. d4 cxd4 4. Nxd4 Nf6 5. Nc3 e5 6. Ndb5 d6 7. Bg5 a6 8. Na3 b5 9. Nd5 Be7 10. Bxf6 Bxf6
11. c4 Bg5 12. Qf3 Nd4 13. Qd3 Qa5+ 14. Qc3 Qd8 15. Nc2 Nxc2+ 16. Qxc2 bxc4 17. Bxc4 O-O 18. O-O Be6 19. Qe2 Kh8 20. Bxa6 Bxd5
21. exd5 Qa5 22. Bb7 Rab8 23. Bc6 f5 24. b3 Rf6 25. Rac1 Bxc1
0-1

[Event "The Mortar & Pestle Chess Congress"]
[Site "SchemingMind.com"]
[Date "2008.10.12"]
[Round "-"]
[White "Rekursiv"]
[Black "wzeller"]
[Result "1-0"]
[WhiteCountry "USA"]
[BlackCountry "USA"]
[WhiteElo "2130"]
[WhiteRD "93"]
[BlackElo "1860"]
[BlackRD "93"]
[GameID "174758"]

1. e4 c5 2. Nf3 d6 3. Nc3 Nc6 4. d4 cxd4 5. Nxd4 e5 6. Nf3 Be7 7. Bc4 Nf6 8. O-O Bg4 9. Bg5 O-O 10. Bxf6 Bxf6
11. Qd2 Bxf3 12. gxf3 Bg5 13. Qd1 Nd4 14. Nd5 Qd7 15. c3 Ne6 16. Kh1 Nf4 17. Rg1 Bh6 18. Nf6+
1-0

[Event "The Mortar & Pestle Chess Congress"]
[Site "SchemingMind.com"]
[Date "2008.10.14"]
[Round "-"]
[White "drunkenmaster"]
[Black "wzeller"]
[Result "0-1"]
[WhiteCountry "PHI"]
[BlackCountry "USA"]
[WhiteElo "1848"]
[WhiteRD "74"]
[BlackElo "1914"]
[BlackRD "95"]
[GameID "174761"]

1. d4 Nf6 2. c4 g6 3. Nc3 Bg7 4. e4 d6 5. Nf3 O-O 6. Be2 e5 7. O-O Nc6 8. d5 Ne7 9. Nd2 Ne8 10. b4 f5
11. c5 fxe4 12. Ndxe4 Nf5 13. a4 Nd4 14. Ba3 Nf6 15. cxd6 cxd6 16. b5 Bf5 17. Nxd6 Qa5 18. Nxf5 gxf5 19. Bxf8 Rxf8 20. Rc1 Bh6
21. f4 Bxf4 22. Rxf4 Nxe2+ 23. Qxe2 exf4 24. Qe6+ Kg7 25. Qxf5 Qb6+ 26. Kh1 Qe3 27. Rf1 Qxc3 28. Qxf4 Qd3 29. d6 Qe4 30. Qg5+ Qg6
31. Qe5 Rf7 32. h3 Rd7 33. Qe6 Rf7 34. Qe5 Kf8 35. Qc5 b6
0-1

[Event "The Mortar & Pestle Chess Congress"]
[Site "SchemingMind.com"]
[Date "2008.10.12"]
[Round "-"]
[White "Mihir Naniwadekar"]
[Black "wzeller"]
[Result "0-1"]
[WhiteCountry "ENG"]
[BlackCountry "USA"]
[WhiteElo "1694"]
[WhiteRD "72"]
[BlackElo "1890"]
[BlackRD "93"]
[GameID "174763"]

1. d4 Nf6 2. c4 g6 3. Nc3 Bg7 4. g3 O-O 5. Nf3 d6 6. Bg2 Nbd7 7. O-O e5 8. e4 Re8 9. Re1 exd4 10. Nxd4 Ne5
0-1

[Event "The Mortar & Pestle Chess Congress"]
[Site "SchemingMind.com"]
[Date "2008.10.12"]
[Round "-"]
[White "dlamadzi"]
[Black "wzeller"]
[Result "1-0"]
[WhiteCountry "POL"]
[BlackCountry "USA"]
[WhiteElo "2080"]
[WhiteRD "89"]
[BlackElo "1860"]
[BlackRD "93"]
[GameID "174764"]

1. e4 c5 2. Nc3 Nc6 3. f4 g6 4. Nf3 Bg7 5. Bc4 e6 6. O-O Nge7 7. e5 d5 8. exd6 Qxd6 9. Ne4 Qc7 10. d3 O-O
11. a3 Nf5 12. Qe1 b5 13. Bxb5 Ncd4 14. Ba4 Qa5 15. Qxa5
1-0